000 00666nam a2200217 a 4500
001 41845
003 BD-RjUL
005 20211209053447.0
008 160606s1961 ne b 00100 eng d
035 _a(BD-RjUL)41963
040 _aANL
_beng
_dANL
_cBD-RjUL
041 _aeng
082 _223
_a340
_bMIF 1961
100 1 _aMinattur, Joseph.
_9128541
245 1 0 _aFreedom of the press in India :
_bconstitutional provisions and their applications /
_cJoseph Minattur
260 _aThe Hague :
_bNijhoff,
_c1961.
300 _axiv,136 p. ;
_c23 cm.
504 _aIncludes bibliography and index.
650 0 _aFreedom of the press
_zIndia.
_9128471
942 _2ddc
_cBK
999 _c41845
_d41845